000 00455cam a2200145 4500500
005 20251017190609.0
041 _afre
042 _adc
100 1 0 _aStrouk, Hubert
_eauthor
245 0 0 _aAu Mémorial de la Shoah : éducation et formation
260 _c2023.
500 _a7
786 0 _nRevue Sens | 446 | 1 | 2023-01-01 | p. 36-40 | 0337-6222
856 4 1 _uhttps://shs.cairn.info/revue-revue-sens-2023-1-page-36?lang=fr&redirect-ssocas=7080
999 _c1551681
_d1551681